| 000 | 00740nam a22002297i 4500 | ||
|---|---|---|---|
| 999 |
_c23262 _d23262 |
||
| 003 | AR-CdUCM | ||
| 008 | 250411b20242024 pe||||| |||| 00| 0 spa d | ||
| 020 | _a978-612-46447-7-1 | ||
| 040 |
_aMUNICIPALIDAD PROVINCIAL DEL CUSCO _cBIBLIOTECA MUNICIPAL DEL CUSCO |
||
| 041 | _hspa | ||
| 082 |
_aEP / 869.56 / M63 _bM63 |
||
| 100 |
_aMiranda Villena, Ruth _951122 |
||
| 245 | _aTra Ba Bá / | ||
| 260 |
_aCusco : _bJL Editores _c2024 |
||
| 300 |
_a24 páginas. : _bIlustraciones _c24x23 cm. |
||
| 505 | _aA la luna -- Risa -- Pesa un beso -- María del mar -- El tren | ||
| 650 |
_aLiteratura infantil _9588 |
||
| 650 |
_aPoesía infantil _95555 |
||
| 650 |
_aPrimera infancia _924660 |
||
| 942 |
_2ddc _cLIBROS |
||
| 945 |
_apbjr _d11-04-2025 |
||